Statistiques concernant TOP 15 best of Marvel's Villains

Cliquez ici pour prendre le quiz!

Statistiques générales

  • Ce quiz a été pris 56 fois
  • Le résultat moyen est 7 sur 15

Statistiques - réponses

HintRéponse% Correct
Le fameux Titan fouThanos
94%
Un Dieu pas comme les autresLoki
92%
Un symbiote qui n'est pas VenomCarnage
69%
Terminator à du soucis à se faireUltron
53%
Une soeur qui casse le jouet (l'arme) de son frèreHela
44%
Elle peut se métamorphoser, c'est tout.Mystique
39%
Un docteur pas comme les autres, mais c'est pas StrangeDoctor octopus
36%
Son alter-ego est dans un fauteuil roulantMagneto
36%
Un vrai psychopathe volantLe bouffon vert
33%
Une sorcière qu'il vaut mieux avoir dans son campScarlet Witch
33%
Le seul qui a combattu le VRAI HulkAbomination
31%
Il contrôle le temps mais est battus par des fourmisKang Le Conquérant
31%
Une autre sorcière, mais cette fois violetteAgatha Harkness
25%
Il préfère mourir en ayant une belle vue à sa mortKillmonger
22%
Un fois gentil, une fois méchant, une fois gentilLe soldat de l'hiver
11%

Distribution des résultats

Percentile par nombre de réponses

% des personnes avec chaque résultat

Votre développement - résultats

Vous n’avez pas pris ce quiz